Australien und Länder Ozeaniens - Statistiken

Allgemein
  • Dieses Quiz wurde 3.563 mal gespielt
  • Das Durchschnittsergebnis liegt bei 9 aus 14
Antwortstatistiken
Länder % Korrekt
Australien
99%
Neuseeland
92%
Fidschi
80%
Mikronesien
70%
Marshallinseln
65%
Palau
63%
Tonga
63%
Tuvalu
63%
Papua-Neuguinea
62%
Samoa
61%
Nauru
59%
Salomonen
59%
Kiribati
58%
Vanuatu
56%
Keine übereinstimmenden Quizze gefunden
Verteilung der Resultate
Anzahl Personen mit jedem Resultat
Perzentil nach korrekt beantworteten Fragen
Ihre Resultats-Entwicklung
Sie haben dieses Quiz noch nicht gespielt